| 000 | 00324nam a2200121Ia 4500 | ||
|---|---|---|---|
| 005 | 20260326100035.0 | ||
| 008 | 260326s9999||||xx |||||||||||||| ||und|| | ||
| 100 | _aToman, Rolf | ||
| 245 | 0 |
_aEl Gótico : _b Arquitectura, Escultura y Pintura / _cRolf Toman |
|
| 260 | _bKönemann | ||
| 650 | _aARQUITECTURA GÓTICA | ||
| 942 | _cBK | ||
| 999 |
_c6775 _d6775 |
||